000 01455nam a2200205 4500
001 7888
005 20181127184607.0
020 0 0 _a9789384544072
082 _a241.317
_b
_2
100 0 0 _aLeaming, Linda.
245 0 0 _aA field guide to happiness :
_bwhat I learned in Bhutan about living, loving, and waking up /
_cLinda Leaming.
_h
260 0 0 _aNew Delhi :
_b Hay House India,
_c2015.
300 0 0 _axiv, 233 pages ; 22 cm
505 _aCalm down -- Lose your baggage -- Learn to breathe -- Rusticate -- Drink tea -- Kindness will save us -- It's okay to be who you are -- Laugh in the face of death -- Generosity is contagious -- Walk in sacred places -- Parent yourself -- You are what you eat -- Move to the middle in all things -- There are no accidents -- Learn to be water -- Don't expect everything to always work out -- Think about death five times a day -- Simple is genius -- Look for magic -- See the world with your heart -- Check your ego -- Wake up
_g
_r
_t
520 _a"Forced by circumstance and her rustic surroundings to embrace a simplified life, Leaming made room for more useful beliefs...This collection of stories, impressions, and suggestions is a little nudge, a push, a leg up into the rarefied air of paradise - of bright sunlight and beautiful views."
650 0 0 _aBhutan -- Description and travel.
_x
650 0 0 _aHappiness -- Bhutan.
_x
650 0 0 _aSelf-realization -- Bhutan.
_x
999 _c6775
_d6775